[Event "Heraklio op-A 11th"]
[Site "Heraklion"]
[Date "2007.06.17"]
[Round "9"]
[White "Filippas, Sebastian"]
[Black "Stiri, Alexandra"]
[Result "0-1"]
[WhiteElo "2118"]
[BlackElo "2258"]
[PlyCount "70"]
[EventDate "2007.06.09"]
[EventType "swiss"]
[EventRounds "9"]
[EventCountry "GRE"]
[SourceTitle "EXT 2008"]
[Source "ChessBase"]
[SourceDate "2007.11.25"]
[SourceVersion "1"]
[SourceVersionDate "2007.11.25"]
[SourceQuality "1"]

1. d4 Nf6 2. c4 e6 3. Nf3 c5 4. d5 exd5 5. cxd5 d6 6. Nc3 g6 7. e4 a6 8. a4 Bg4 9. Qb3 Qe7 10. Nd2 Bg7 11. f3 Bc8 12. Nc4 Nbd7 13. Bf4 Ne5 14. Nxe5 dxe5 15. Be3 0-0 16. Bc4 Nd7 17. 0-0 Rb8 18. a5 b5 19. axb6 Rxb6 20. Qa3 Rb4 21. Bxa6 Bxa6 22. Qxa6 Rxb2 23. Na4 Rb3 24. d6 Qd8 25. Bf2 Qc8 26. Qc4 Rb4 27. Qc3 Qc6 28. Nxc5 Rd4 29. Na4 Rc4 30. Qb3 Rb8 31. Qd1 Rbb4 32. Nc5 Nxc5 33. Bxc5 Qxc5+ 34. Kh1 Rb8 35. d7 Rd8 0-1